| 000 | 00622nam a2200205Ia 4500 | ||
|---|---|---|---|
| 999 |
_c36725 _d36725 |
||
| 001 | 2657 | ||
| 003 | GE_BSU | ||
| 005 | 20230829161733.0 | ||
| 008 | 181216s1987||||ru |||||||||||||| ||rus|| | ||
| 040 | _cGE_BSU | ||
| 041 | _arus | ||
| 080 | _a616.12 Г-22 | ||
| 100 |
_aГасилин, В.Г. _919723 |
||
| 245 |
_aСтенокардия _cВ.Г. Гасилин, Б.А. Сидоренко. |
||
| 264 |
_aМосква : _bМедицина, _c1987. |
||
| 300 |
_a238 стр.; _b19 см. |
||
| 653 | _aსტენოკარდია | ||
| 700 |
_aСидоренко, Б.А. _eავტორი _919724 |
||
| 942 |
_cBK _2udc |
||